Matemáticas aplicadas a la biología /

Guardado en:
Autor Principal: Szlenk, Wieslaw.
Formato: Libro
Idioma:Spanish
Publicado: [México, D.F. : Departamento de Matemáticas del Centro de Investigación y de Estudios Avanzados del IPN, 1986]
Etiquetas: Agregar Etiqueta
Sin Etiquetas, Sea el primero en etiquetar este registro!
LEADER 00773nam a22001575a 4500
001 MAT.inmabb004312
008 070228s1986####mx#a#####b####000#0#spa#d
005 20170508162014.0
245 1 0 |a Matemáticas aplicadas a la biología /  |c Wieslaw Szlenk. 
260 |a [México, D.F. :  |b Departamento de Matemáticas del Centro de Investigación y de Estudios Avanzados del IPN,  |c 1986] 
300 |a 64 p. :  |b il. ;  |c 21 cm. 
500 |a Texto de las conferencias impartidas por el autor en el Departamento de Matemáticas del CINVESTAV en 1986. 
504 |a Incluye referencias bibliográficas. 
505 0 |a ¿Por qué la cebra tiene rayas? -- Modelos matemáticos en la ecología -- Caos en los sistemas determinísticos. 
100 1 |a Szlenk, Wieslaw. 
859 |h 92  |i Sz998  |p A-6086  |b BIB. MATEMATICA